| 000 -LEADER |
| fixed length control field |
02502cam a2200277 i 4500 |
| 020 ## - INTERNATIONAL STANDARD BOOK NUMBER |
| International Standard Book Number |
9781118116135 |
| 020 ## - INTERNATIONAL STANDARD BOOK NUMBER |
| International Standard Book Number |
9781118399712 (binder ready version) |
| 082 00 - DEWEY DECIMAL CLASSIFICATION NUMBER |
| Classification number |
620.106 |
| Author Mark |
MUN |
| 100 1# - MAIN ENTRY--PERSONAL NAME |
| Personal name |
Munson, Bruce Roy, |
| 9 (RLIN) |
35768 |
| 245 10 - TITLE STATEMENT |
| Title |
Fluid mechanics SI Version |
| Statement of responsibility, etc. |
Bruce R. Munson, Theodore H. Okiishi, Wade W. Huebsch, Alric P. Rothmayer |
| 250 ## - EDITION STATEMENT |
| Edition statement |
7th edition. |
| 260 ## - PUBLICATION, DISTRIBUTION, ETC. |
| Place of publication, distribution, etc. |
Delhi: |
| Name of publisher, distributor, etc. |
John Wiley & Sons, Inc., |
| Date of publication, distribution, etc. |
[2013] |
| 300 ## - PHYSICAL DESCRIPTION |
| Extent |
xix, 747, 6, 10 pages : |
| Other physical details |
illustrations ; |
| Dimensions |
28 cm |
| 505 8# - FORMATTED CONTENTS NOTE |
| Formatted contents note |
Machine generated contents note: Chapter 1 Introduction Chapter 2. Fluid Statics Chapter 3. Elementary Fluid Dynamics -- The Bernoulli Equation Chapter 4. Fluid Kinematics Chapter 5. Finite Control Volume Analysis Chapter 6. Differential Analysis of Fluid Flow Chapter 7. Dimensional Analysis, Similitude, and Modeling Chapter 8. Viscous Flow in Pipes Chapter 9. Flow Over Immersed Bodies Chapter 10. Open-Channel Flow Chapter 11. Compressible Flow Chapter 12. Turbomachines . |
| 520 ## - SUMMARY, ETC. |
| Summary, etc. |
"Fundamentals of Fluid Mechanics offers comprehensive topical coverage, with varied examples and problems, application of visual component of fluid mechanics, and strong focus on effective learning. The text enables the gradual development of confidence in problem solving. Each important concept is introduced in easy-to-understand terms before more complicated examples are discussed. Continuing this book's tradition of extensive real-world applications, this latest edition includes more Fluid in the News case study boxes in each chapter, new problem types, an increased number of real-world photos, and additional videos to augment the text material and help generate interest in the topic. Example problems have been updated and numerous new photographs, figures, and graphs have been included. In addition, there are 150 videos designed to aid and enhance comprehension, support visualization skill building and engage users more deeply with the material and concepts"-- |
| 526 ## - STUDY PROGRAM INFORMATION NOTE |
| Program name |
0 |
| Interest level |
0 |
| Reading level |
0 |
| Title point value |
620_106000000000000_MUN |
| 650 #0 - SUBJECT ADDED ENTRY--TOPICAL TERM |
| Topical term or geographic name entry element |
Fluid mechanics |
| 9 (RLIN) |
1678 |
| 650 #7 - SUBJECT ADDED ENTRY--TOPICAL TERM |
| Topical term or geographic name entry element |
SCIENCE / Mechanics / General. |
| 9 (RLIN) |
10009 |
| 700 1# - ADDED ENTRY--PERSONAL NAME |
| Personal name |
Huebsch, Wade W. |
| 9 (RLIN) |
7476 |
| 700 1# - ADDED ENTRY--PERSONAL NAME |
| Personal name |
Okiishi, T. H. |
| 9 (RLIN) |
46202 |
| 700 1# - ADDED ENTRY--PERSONAL NAME |
| Personal name |
Rothmayer, Alric P., |
| 9 (RLIN) |
51796 |
| 856 41 - ELECTRONIC LOCATION AND ACCESS |
| Uniform Resource Identifier |
<a href="http://www.loc.gov/catdir/enhancements/fy1210/2012011618-t.html">http://www.loc.gov/catdir/enhancements/fy1210/2012011618-t.html</a> |
| 856 42 - ELECTRONIC LOCATION AND ACCESS |
| Uniform Resource Identifier |
<a href="http://catalogimages.wiley.com/images/db/jimages/9781118116135.jpg">http://catalogimages.wiley.com/images/db/jimages/9781118116135.jpg</a> |
| 856 42 - ELECTRONIC LOCATION AND ACCESS |
| Uniform Resource Identifier |
<a href="http://www.loc.gov/catdir/enhancements/fy1210/2012011618-d.html">http://www.loc.gov/catdir/enhancements/fy1210/2012011618-d.html</a> |
| 942 ## - ADDED ENTRY ELEMENTS (KOHA) |
| Source of classification or shelving scheme |
|
| Koha item type |
Book |